| 000 | 00000nam 2200000zi 4500 |
| 001 | 9.945592 |
| 003 | CaOODSP |
| 005 | 20241127144210 |
| 006 | m o d f |
| 007 | cr c|||||||||| |
| 008 | 241126t20022002oncab o f00| 0 eng d |
| 020 | |z0660186152 |
| 040 | |aCaOODSP|beng|erda|cCaOODSP |
| 043 | |an-cn--- |
| 086 | 1 |aS2-211/2002E-PDF|zS2-211/2002E |
| 245 | 00|aSymbols of Canada. |
| 250 | |a2002 revised edition. |
| 264 | 1|aOttawa, Ontario : |bCanadian Heritage = Patrimoine canadien, |c[2002]. |
| 264 | 4|c©2002 |
| 300 | |a1 online resource (59 pages) : |billustrations, maps |
| 336 | |atext|btxt|2rdacontent |
| 337 | |acomputer|bc|2rdamedia |
| 338 | |aonline resource|bcr|2rdacarrier |
| 500 | |aDigitized edition from print [produced by Government of Canada Publications Directorate]. |
| 500 | |aIssued also in French under title: Les symboles du Canada. |
| 520 | |a"Every country has its own set of symbols that establish its identity and set it apart from other countries of the world. Symbols tell the story of a nation, its people, environment and history. They represent values, goals and aspirations shared by all its citizens"--Symbols and the Story of Canada, page [6]. |
| 650 | 0|aSigns and symbols|zCanada. |
| 650 | 5|aEmblems, National|zCanada. |
| 710 | 1 |aCanada. |bCanadian Heritage, |eissuing body. |
| 775 | 08|tLes symboles du Canada.|w(CaOODSP)9.945594 |
| 776 | 0#|tSymbols of Canada |w(CaOODSP)9.648303 |
| 856 | 40|qPDF|s106 MB|uhttps://publications.gc.ca/collections/collection_2024/pch/S2-211-2002-eng.pdf |